Kháng sinh liệu pháp trong bịnh học nhiễm khuẩn truyền nhiễm
Uloženo v:
| Hlavní autor: | |
|---|---|
| Médium: | Kniha |
| Jazyk: | Undetermined |
| Vydáno: |
Hậu Giang
Tổng hợp Hậu Giang
1990
|
| Témata: | |
| Tagy: |
Přidat tag
Žádné tagy, Buďte první, kdo otaguje tento záznam!
|
| Thư viện lưu trữ: | Trung tâm Học liệu Trường Đại học Cần Thơ |
|---|
| LEADER | 00558nam a2200169Ia 4500 | ||
|---|---|---|---|
| 001 | CTU_45822 | ||
| 008 | 210402s9999 xx 000 0 und d | ||
| 082 | |a 615.58 | ||
| 082 | |b Th107 | ||
| 100 | |a Nguyễn Duy Thanh | ||
| 245 | 0 | |a Kháng sinh liệu pháp trong bịnh học nhiễm khuẩn truyền nhiễm | |
| 245 | 0 | |c Nguyễn Duy Thanh | |
| 260 | |a Hậu Giang | ||
| 260 | |b Tổng hợp Hậu Giang | ||
| 260 | |c 1990 | ||
| 650 | |a chemotherapy,drug utilization,drugs | ||
| 980 | |a Trung tâm Học liệu Trường Đại học Cần Thơ | ||